| 000 | 00600cam a2200193 4500 | ||
|---|---|---|---|
| 001 | D3595 | ||
| 008 | 090401t1985 xxu||||| |||| 00| 0 eng d | ||
| 035 | _a(Sirsi) u74013 | ||
| 041 | _aeng | ||
| 050 | _a333.336 | ||
| 100 | _aGibb, John Michael (ed) | ||
| 245 | _aScience parks and innovation centres: their economic and social impact: proceedings of the conference held in Berlin, 13 - 15 February 1985 | ||
| 260 |
_aAmsterdam _bElsevier _c1985 |
||
| 300 | _aix. 477p. ill. 25cm | ||
| 350 | _a41 | ||
| 710 |
_aEurope _bEuropean Communities Commission _9698 |
||
| 942 | _n0 | ||
| 948 | _c04/03/1997 | ||
| 999 |
_c95757 _d95757 |
||